[Event "Tenerife-chT Preferente"]
[Site "Tenerife"]
[Date "2023.04.29"]
[Round "12"]
[White "Mendoza de Leon, Alvaro"]
[Black "Kramer, Kurt Melik"]
[Result "0-1"]
[WhiteElo "1325"]
[BlackElo "2052"]
[PlyCount "51"]
[EventDate "2023.01.14"]
[EventType "team-tourn"]
[EventRounds "14"]
[EventCountry "ESP"]
[SourceTitle "EXT 2024"]
[Source "ChessBase"]
[SourceDate "2023.10.10"]
[SourceVersion "1"]
[SourceVersionDate "2023.10.10"]
[SourceQuality "1"]
[WhiteTeam "Puerto de la Cruz Piratas"]
[BlackTeam "Ebano Barrio Nuevo"]
[WhiteTeamCountry "ESP"]
[BlackTeamCountry "ESP"]

1. e4 d5 2. exd5 Qxd5 3. Nc3 Qd6 4. Nf3 Bg4 5. Be2 Nf6 6. d3 e6 7. Be3 c6 8. d4 Nbd7 9. Qd2 Qc7 10. 0-0-0 Bb4 11. a3 Ne4 12. Qd3 Nxc3 13. bxc3 Bd6 14. Qc4 Bxa3+ 15. Kd2 b5 16. Qb3 Bd6 17. Ra1 a5 18. h3 a4 19. Qb2 0-0 20. Ne1 Nf6 21. f3 Bf5 22. g4 Bg6 23. Bd3 Nd5 24. Bf2 Qa5 25. h4 a3 26. Qc1 0-1

[Event "Tenerife-chT Preferente"]
[Site "Tenerife"]
[Date "2023.03.25"]
[Round "9.4"]
[White "Kramer, Kurt Melik"]
[Black "Fernandez Vazquez, Jorge"]
[Result "1/2-1/2"]
[WhiteElo "2052"]
[BlackElo "2025"]
[PlyCount "40"]
[EventDate "2023.01.14"]
[EventType "team-tourn"]
[EventRounds "14"]
[EventCountry "ESP"]
[SourceTitle "EXT 2024"]
[Source "ChessBase"]
[SourceDate "2023.10.10"]
[SourceVersion "1"]
[SourceVersionDate "2023.10.10"]
[SourceQuality "1"]
[WhiteTeam "Ebano Barrio Nuevo"]
[BlackTeam "Al Shah Mat Los Realejos"]
[WhiteTeamCountry "ESP"]
[BlackTeamCountry "ESP"]

1. d4 Nf6 2. Bf4 d5 3. e3 c5 4. c3 Nc6 5. Nd2 Bf5 6. Qb3 Qd7 7. Ngf3 c4 8. Qd1 e6 9. Ne5 Nxe5 10. Bxe5 Be7 11. b3 b5 12. a4 b4 13. cxb4 Bxb4 14. Bxf6 gxf6 15. bxc4 Ke7 16. c5 Rhg8 17. g3 Qc7 18. Be2 Bh3 19. Bf1 Bf5 20. Be2 Bh3 1/2-1/2

[Event "Tenerife-chT Primera"]
[Site "Tenerife"]
[Date "2023.02.04"]
[Round "4.2"]
[White "Kramer, Kurt Melik"]
[Black "Martin Ortega, Oscar"]
[Result "1/2-1/2"]
[WhiteElo "2052"]
[BlackElo "1867"]
[PlyCount "67"]
[EventDate "2023.01.14"]
[EventType "team-tourn"]
[EventRounds "14"]
[EventCountry "ESP"]
[SourceTitle "EXT 2024"]
[Source "ChessBase"]
[SourceDate "2023.10.10"]
[SourceVersion "1"]
[SourceVersionDate "2023.10.10"]
[SourceQuality "1"]
[WhiteTeam "Ebano Barrio Nuevo II"]
[BlackTeam "La Victoria 94"]
[WhiteTeamCountry "ESP"]
[BlackTeamCountry "ESP"]

1. d4 Nf6 2. Bf4 d6 3. Nc3 Nbd7 4. Nf3 c5 5. e3 g6 6. h3 Bg7 7. Bd3 Qa5 8. Bh2 Nd5 9. Qd2 Nxc3 10. bxc3 Nb6 11. 0-0 Na4 12. Rab1 0-0 13. Rb3 Qc7 14. c4 Nb6 15. Rb5 Nd7 16. Rbb1 e5 17. dxe5 dxe5 18. Be4 Nb6 19. Bd5 Rd8 20. Rfd1 Nxd5 21. cxd5 f6 22. c4 Bf8 23. e4 Bd6 24. Rb2 Bd7 25. Rdb1 Rab8 26. Bg3 b6 27. Qe2 a6 28. Bh4 Kg7 29. Nd2 Rb7 30. f3 Rdb8 31. Be1 b5 32. a3 Be8 33. Qe3 Bf8 34. Qe2 1/2-1/2

[Event "Tenerife-chT Primera"]
[Site "Tenerife"]
[Date "2023.01.21"]
[Round "2.3"]
[White "Conan, Arthur Gabriel"]
[Black "Kramer, Kurt Melik"]
[Result "0-1"]
[WhiteElo "1168"]
[BlackElo "2052"]
[PlyCount "130"]
[EventDate "2023.01.14"]
[EventType "team-tourn"]
[EventRounds "14"]
[EventCountry "ESP"]
[SourceTitle "EXT 2024"]
[Source "ChessBase"]
[SourceDate "2023.10.10"]
[SourceVersion "1"]
[SourceVersionDate "2023.10.10"]
[SourceQuality "1"]
[WhiteTeam "Fundacion La Caja de Canarias"]
[BlackTeam "Ebano Barrio Nuevo II"]
[WhiteTeamCountry "ESP"]
[BlackTeamCountry "ESP"]

1. e4 d5 2. exd5 Qxd5 3. Nc3 Qd6 4. d4 Nf6 5. Bc4 c6 6. Nf3 Bg4 7. Be3 e6 8. Qe2 Nbd7 9. h3 Bh5 10. g4 Bg6 11. Qd2 Qc7 12. Rg1 Bb4 13. Bd3 Nd5 14. Ke2 Qa5 15. Rab1 b6 16. Kf1 Bxc3 17. bxc3 Qxc3 18. Bxg6 hxg6 19. Kg2 Nxe3+ 20. fxe3 Qxd2+ 21. Nxd2 c5 22. Rgf1 Rc8 23. Ne4 Ke7 24. Ng5 f6 25. Nf3 cxd4 26. Nxd4 e5 27. Nb3 Rxc2+ 28. Kg3 Nc5 29. Nxc5 Rxc5 30. Rfc1 Rhc8 31. Rxc5 Rxc5 32. Rb2 g5 33. Rb3 Kd6 34. Ra3 a5 35. Rd3+ Rd5 36. Rb3 Kc6 37. Rc3+ Rc5 38. Rd3 b5 39. Rd8 b4 40. Rg8 Kb5 41. Rxg7 Rc2 42. Rf7 Rxa2 43. Rxf6 b3 44. Rf5 b2 45. Rxe5+ Kc4 46. Rxg5 b1Q 47. h4 Qe1+ 48. Kf4 Rf2+ 49. Ke4 Qb1+ 50. Ke5 Qd3 51. Ke6 Qxe3+ 52. Re5 Qh6+ 53. Ke7 Qg7+ 54. Kd6 Rf6+ 55. Re6 Rxe6+ 56. Kxe6 Qxg4+ 57. Ke5 Qh5+ 58. Ke4 Qxh4+ 59. Ke3 Qe1+ 60. Kf3 Kd4 61. Kg4 Qf2 62. Kh3 Qg1 63. Kh4 Ke4 64. Kh3 Kf4 65. Kh4 Qg4# 0-1

[Event "Tenerife-chT Preferente"]
[Site "Tenerife"]
[Date "2022.02.12"]
[Round "3.4"]
[White "Kramer, Kurt Melik"]
[Black "Jorquera Fuentes, Hugo Samuel"]
[Result "1-0"]
[WhiteElo "2054"]
[BlackElo "1916"]
[PlyCount "43"]
[EventDate "2022.01.29"]
[EventType "team-tourn"]
[EventRounds "14"]
[EventCountry "ESP"]
[SourceTitle "EXT 2024"]
[Source "ChessBase"]
[SourceDate "2023.10.10"]
[SourceVersion "1"]
[SourceVersionDate "2023.10.10"]
[SourceQuality "1"]
[WhiteTeam "Ebano Barrio Nuevo"]
[BlackTeam "Al Shah Mat Los Realejos"]
[WhiteTeamCountry "ESP"]
[BlackTeamCountry "ESP"]

1. d4 g6 2. Bf4 Bg7 3. Nc3 d6 4. Nf3 Nd7 5. e4 e5 6. dxe5 dxe5 7. Bg3 Ne7 8. Qd3 0-0 9. 0-0-0 Nc6 10. Kb1 Re8 11. Bh4 f6 12. Qe3 Kh8 13. g4 Re6 14. g5 Rd6 15. Bb5 Nd4 16. Bxd7 Bxd7 17. gxf6 Bxf6 18. Nxe5 Qf8 19. Bxf6+ Qxf6 20. Nc4 Bg4 21. Nxd6 Bxd1 22. Rxd1 1-0

[Event "Tenerife-chT Primera 1920"]
[Site "Tenerife "]
[Date "2020.01.25"]
[Round "5.3"]
[White "Rodriguez Acosta, Raul"]
[Black "Kramer, Kurt Melik"]
[Result "0-1"]
[WhiteElo "1522"]
[BlackElo "2027"]
[PlyCount "90"]
[EventDate "2019.11.30"]
[EventType "team-tourn"]
[EventRounds "14"]
[EventCountry "ESP"]
[SourceTitle "CBM 195 Extra"]
[Source "ChessBase"]
[SourceDate "2020.05.31"]
[SourceVersion "1"]
[SourceVersionDate "2020.05.31"]
[SourceQuality "1"]
[WhiteTeam "La Victoria 94"]
[BlackTeam "Ebano Barrio Nuevo II"]
[WhiteTeamCountry "ESP"]
[BlackTeamCountry "ESP"]

1. d4 Nf6 2. Nf3 d5 3. Bf4 e6 4. e3 Bd6 5. Bg5 c5 6. c3 Nc6 7. Be2 0-0 8. 0-0 h6 9. Bh4 b6 10. Bg3 Re8 11. Bb5 Bb7 12. Ne5 Qc7 13. Qa4 Rec8 14. Bxc6 Bxc6 15. Qxc6 Bxe5 16. Qxc7 Bxc7 17. Bxc7 Rxc7 18. Nd2 c4 19. Rfe1 b5 20. e4 dxe4 21. Nxe4 Nd5 22. a3 a5 23. Nc5 Kf8 24. g3 Ke7 25. f4 g6 26. Kf2 Rac8 27. Ke2 Rb8 28. Kd2 h5 29. Reb1 h4 30. b3 cxb3 31. Rxb3 hxg3 32. hxg3 Rcc8 33. c4 bxc4 34. Rxb8 Rxb8 35. Kc2 Rh8 36. Rc1 Rh2+ 37. Kb1 Rg2 38. Rxc4 Rxg3 39. Kb2 Nxf4 40. Ne4 Re3 41. Nc5 Nd3+ 42. Ka2 Nxc5 43. dxc5 Kd7 44. Ra4 Kc6 45. Rxa5 f5 0-1

[Event "Tenerife-chT Primera 1920"]
[Site "Tenerife "]
[Date "2020.01.04"]
[Round "4.1"]
[White "Kramer, Kurt Melik"]
[Black "Marrero Martin, Manuel"]
[Result "1-0"]
[WhiteElo "2027"]
[BlackElo "1829"]
[PlyCount "31"]
[EventDate "2019.11.30"]
[EventType "team-tourn"]
[EventRounds "14"]
[EventCountry "ESP"]
[SourceTitle "CBM 195 Extra"]
[Source "ChessBase"]
[SourceDate "2020.05.31"]
[SourceVersion "1"]
[SourceVersionDate "2020.05.31"]
[SourceQuality "1"]
[WhiteTeam "Ebano Barrio Nuevo II"]
[BlackTeam "El Sauzal Libreria Barco II"]
[WhiteTeamCountry "ESP"]
[BlackTeamCountry "ESP"]

1. d4 g6 2. Bf4 Bg7 3. Nc3 d6 4. Nf3 c6 5. a4 Nd7 6. e4 Qb6 7. Rb1 c5 8. Nd5 Qd8 9. dxc5 Nxc5 10. e5 dxe5 11. Nxe5 Be6 12. Bb5+ Kf8 13. Nc7 f6 14. Nxe6+ Nxe6 15. Nd7+ Kf7 16. Qd5 1-0

[Event "Tenerife-chT Primera 1920"]
[Site "Tenerife "]
[Date "2019.12.14"]
[Round "2.2"]
[White "Remon Garcia, Jose Domingo"]
[Black "Kramer, Kurt Melik"]
[Result "0-1"]
[WhiteElo "1893"]
[BlackElo "2027"]
[PlyCount "70"]
[EventDate "2019.11.30"]
[EventType "team-tourn"]
[EventRounds "14"]
[EventCountry "ESP"]
[SourceTitle "CBM 195 Extra"]
[Source "ChessBase"]
[SourceDate "2020.05.31"]
[SourceVersion "1"]
[SourceVersionDate "2020.05.31"]
[SourceQuality "1"]
[WhiteTeam "Al Shah Mat Los Realejos II"]
[BlackTeam "Ebano Barrio Nuevo II"]
[WhiteTeamCountry "ESP"]
[BlackTeamCountry "ESP"]

1. e4 d5 2. d4 dxe4 3. Nc3 Nf6 4. Bc4 e6 5. Bg5 Be7 6. f3 h6 7. Bh4 e3 8. Qd3 c6 9. Qxe3 Nd5 10. Bxd5 Bxh4+ 11. g3 cxd5 12. gxh4 Qxh4+ 13. Kd2 Nc6 14. Nge2 Ne7 15. Nb5 0-0 16. Ng3 Ng6 17. Ne2 Bd7 18. a4 a6 19. Nbc3 Rac8 20. Rag1 b5 21. Rg4 Qd8 22. axb5 axb5 23. Nf4 b4 24. Nce2 e5 25. Nxg6 fxg6 26. Rxg6 Bf5 27. Rg3 Rxc2+ 28. Ke1 exd4 29. Qxd4 Qe7 30. Rxg7+ Qxg7 31. Rg1 Bg6 32. Qxd5+ Kh7 33. b3 Re8 34. Rg2 Qa1+ 35. Qd1 Rc1 0-1

[Event "San Cristobal de La Laguna op 2nd"]
[Site "San Cristobal de la Laguna"]
[Date "2019.09.08"]
[Round "9"]
[White "Kramer, Kurt Melik"]
[Black "Rodriguez Falcon, Jesus Manuel"]
[Result "1/2-1/2"]
[WhiteElo "2043"]
[BlackElo "1946"]
[PlyCount "59"]
[EventDate "2019.08.31"]
[EventType "swiss"]
[EventRounds "9"]
[EventCountry "ESP"]
[SourceTitle "EXT 2020"]
[Source "ChessBase"]
[SourceDate "2019.10.17"]
[SourceVersion "1"]
[SourceVersionDate "2019.10.17"]
[SourceQuality "1"]

1. d4 Nf6 2. Bf4 d5 3. e3 e6 4. Nd2 Be7 5. Bd3 c5 6. c3 Nc6 7. h3 0-0 8. Ngf3 b6 9. 0-0 Bb7 10. Ne5 Rc8 11. Qe2 Bd6 12. Rad1 Qc7 13. Ndf3 Ne7 14. Nd2 Ng6 15. Nxg6 hxg6 16. Bxd6 Qxd6 17. Nf3 Nd7 18. Rfe1 f5 19. Bb5 Bc6 20. Bxc6 Rxc6 21. Qb5 Rc7 22. Ng5 Nf6 23. f4 cxd4 24. Rxd4 Rc5 25. Qf1 Rfc8 26. Nf3 Rf8 27. Ng5 Rfc8 28. Nf3 Rf8 29. Ng5 Rfc8 30. Qf3 1/2-1/2

[Event "San Cristobal de La Laguna op 2nd"]
[Site "San Cristobal de la Laguna"]
[Date "2019.09.06"]
[Round "7"]
[White "Kramer, Kurt Melik"]
[Black "Shi Zheng, Yuhang"]
[Result "1-0"]
[WhiteElo "2043"]
[BlackElo "1839"]
[PlyCount "35"]
[EventDate "2019.08.31"]
[EventType "swiss"]
[EventRounds "9"]
[EventCountry "ESP"]
[SourceTitle "EXT 2020"]
[Source "ChessBase"]
[SourceDate "2019.10.17"]
[SourceVersion "1"]
[SourceVersionDate "2019.10.17"]
[SourceQuality "1"]

1. d4 Nf6 2. Bf4 g6 3. Nc3 Bg7 4. e4 0-0 5. e5 Nh5 6. Be3 d6 7. f4 c5 8. Be2 cxd4 9. Qxd4 dxe5 10. Qe4 Nxf4 11. Rd1 Qc7 12. Bxf4 Bf5 13. Qf3 exf4 14. Nd5 Qa5+ 15. b4 Qxa2 16. Nxe7+ Kh8 17. Nxf5 gxf5 18. Qxb7 1-0

[Event "San Cristobal de La Laguna op 2nd"]
[Site "San Cristobal de la Laguna"]
[Date "2019.09.04"]
[Round "5"]
[White "Kramer, Kurt Melik"]
[Black "Brito Garcia, Alfredo"]
[Result "0-1"]
[WhiteElo "2043"]
[BlackElo "2314"]
[PlyCount "66"]
[EventDate "2019.08.31"]
[EventType "swiss"]
[EventRounds "9"]
[EventCountry "ESP"]
[SourceTitle "EXT 2020"]
[Source "ChessBase"]
[SourceDate "2019.10.17"]
[SourceVersion "1"]
[SourceVersionDate "2019.10.17"]
[SourceQuality "1"]

1. d4 d6 2. Bf4 g6 3. Nc3 Nd7 4. e4 Bg7 5. Nf3 c6 6. a4 e5 7. dxe5 dxe5 8. Be3 Ngf6 9. Bc4 0-0 10. h3 Qe7 11. 0-0 Nc5 12. Bxc5 Qxc5 13. Qd3 h6 14. Rad1 Re8 15. Rfe1 Nh5 16. Ne2 Bf6 17. Qb3 Qe7 18. Rd2 Ng7 19. Red1 Ne6 20. Qe3 Kg7 21. Nc1 Nd4 22. c3 Ne6 23. b4 a5 24. b5 Qc5 25. Qe2 Nf4 26. Qf1 Be6 27. Bxe6 Nxe6 28. Rd7 cxb5 29. Qxb5 Qxb5 30. axb5 Nc5 31. Rc7 Rac8 32. Rxc8 Rxc8 33. Nd3 Rd8 0-1

[Event "Canarias-chT"]
[Site "Vecindario"]
[Date "2019.06.14"]
[Round "2.4"]
[White "Dominguez Gutierrez, Juan C"]
[Black "Kramer, Kurt Melik"]
[Result "0-1"]
[WhiteElo "1566"]
[BlackElo "2026"]
[PlyCount "114"]
[EventDate "2019.06.13"]
[EventType "team-swiss"]
[EventRounds "6"]
[EventCountry "ESP"]
[SourceTitle "EXT 2020"]
[Source "ChessBase"]
[SourceDate "2019.10.17"]
[SourceVersion "1"]
[SourceVersionDate "2019.10.17"]
[SourceQuality "1"]
[WhiteTeam "Anand"]
[BlackTeam "Ebano Barrio Nuevo"]
[WhiteTeamCountry "ESP"]
[BlackTeamCountry "ESP"]

1. e4 d5 2. exd5 Qxd5 3. Nc3 Qd6 4. d4 Nf6 5. Bc4 c6 6. Bb3 Bg4 7. Qd3 e6 8. Bg5 Nbd7 9. h3 Bf5 10. Qd2 Qc7 11. Nge2 Bb4 12. f3 Nd5 13. 0-0-0 a5 14. Kb1 h6 15. Bf4 Nxf4 16. Qxf4 Bd6 17. Qe3 0-0 18. g4 Bg6 19. h4 b5 20. h5 Bh7 21. a4 bxa4 22. Nxa4 Rfb8 23. Ka2 Nb6 24. g5 Nxa4 25. Bxa4 Qb6 26. Rb1 Qb4 27. Nc3 c5 28. g6 cxd4 29. gxh7+ Kh8 30. Qe4 dxc3 31. Qxb4 Rxb4 32. b3 Kxh7 33. Rbd1 Ra6 34. Rd3 Be5 35. Rg1 Rh4 36. Rd7 f5 37. Bb5 Rb6 38. Bc4 Rxh5 39. f4 Bf6 40. Re1 Rh2 41. Kb1 a4 42. Bxe6 Rh5 43. Bf7 Rh2 44. Be6 Rb5 45. Bc4 Rb4 46. Bd3 Rxf4 47. Ka2 axb3+ 48. Kxb3 Rg2 49. Re6 Kg6 50. Rd5 h5 51. Rc5 Kg5 52. Rxc3 Bxc3 53. Kxc3 h4 54. Be2 h3 55. Re7 g6 56. Kd2 h2 57. Rh7 Rff2 0-1

[Event "Tenerife-chT Primera 1819"]
[Site "Tenerife"]
[Date "2019.04.06"]
[Round "13.1"]
[White "Kramer, Kurt Melik"]
[Black "Korneev, Svyatoslav"]
[Result "1/2-1/2"]
[WhiteElo "2022"]
[BlackElo "2132"]
[PlyCount "80"]
[EventDate "2018.11.24"]
[EventType "team-tourn"]
[EventRounds "14"]
[EventCountry "ESP"]
[SourceTitle "CBM 189 Extra"]
[Source "ChessBase"]
[SourceDate "2019.06.03"]
[SourceVersion "1"]
[SourceVersionDate "2019.06.03"]
[SourceQuality "1"]
[WhiteTeam "Ebano Barrio Nuevo"]
[BlackTeam "Puerto de la Cruz Piratas"]
[WhiteTeamCountry "ESP"]
[BlackTeamCountry "ESP"]

1. d4 e6 2. c4 f5 3. g3 Nf6 4. Bg2 d5 5. Qc2 c6 6. Nh3 Bd6 7. 0-0 0-0 8. Bf4 Be7 9. Nd2 h6 10. Bxb8 Rxb8 11. Nf4 g5 12. Ng6 Rf7 13. Nxe7+ Qxe7 14. Nf3 Nd7 15. cxd5 exd5 16. e3 g4 17. Nh4 Qe6 18. Rfd1 Nf6 19. b4 Nh7 20. b5 Bd7 21. bxc6 Bxc6 22. Rdc1 Rd8 23. a4 Rf6 24. Rab1 Ng5 25. a5 a6 26. Rb6 Qf7 27. Bf1 Rdd6 28. Kg2 Qh5 29. Be2 Ne6 30. Qd1 Ng5 31. Qc2 f4 32. exf4 Ne6 33. Kh1 Nxd4 34. Qd1 Nxe2 35. Qxe2 d4+ 36. Kg1 Qd5 37. f3 d3 38. Qf2 d2 39. Rd1 Ba4 40. Rxd2 Qxd2 1/2-1/2

[Event "Tenerife-chT Preferente 1819"]
[Site "Tenerife"]
[Date "2019.03.16"]
[Round "10.4"]
[White "Medal Paves, Jose Maria"]
[Black "Kramer, Kurt Melik"]
[Result "0-1"]
[WhiteElo "1969"]
[BlackElo "2022"]
[PlyCount "58"]
[EventDate "2018.11.24"]
[EventType "team-tourn"]
[EventRounds "14"]
[EventCountry "ESP"]
[SourceTitle "CBM 189 Extra"]
[Source "ChessBase"]
[SourceDate "2019.06.03"]
[SourceVersion "1"]
[SourceVersionDate "2019.06.03"]
[SourceQuality "1"]
[WhiteTeam "Rey Ahogado"]
[BlackTeam "Ebano Barrio Nuevo"]
[WhiteTeamCountry "ESP"]
[BlackTeamCountry "ESP"]

1. e4 d5 2. Nf3 dxe4 3. Ng5 Nf6 4. Nc3 Bf5 5. f3 e3 6. dxe3 Qxd1+ 7. Kxd1 h6 8. e4 Bd7 9. Nh3 Bxh3 10. gxh3 Nc6 11. Be3 0-0-0+ 12. Ke1 Nd4 13. Bxd4 Rxd4 14. Rd1 Rxd1+ 15. Kxd1 g5 16. h4 e6 17. Rg1 Bc5 18. Rg2 Be3 19. Bd3 Nd7 20. Ke2 Bc1 21. Nd1 gxh4 22. Rg4 Bg5 23. f4 Nf6 24. Rg2 Bxf4 25. Kf3 Be5 26. c3 h3 27. Re2 Rg8 28. Ne3 h5 29. Rc2 Ng4 0-1

[Event "Tenerife-chT Preferente 1819"]
[Site "Tenerife"]
[Date "2019.02.16"]
[Round "8.4"]
[White "Henriquez Garcia, David"]
[Black "Kramer, Kurt Melik"]
[Result "1/2-1/2"]
[WhiteElo "1881"]
[BlackElo "2022"]
[PlyCount "32"]
[EventDate "2018.11.24"]
[EventType "team-tourn"]
[EventRounds "14"]
[EventCountry "ESP"]
[SourceTitle "CBM 189 Extra"]
[Source "ChessBase"]
[SourceDate "2019.06.03"]
[SourceVersion "1"]
[SourceVersionDate "2019.06.03"]
[SourceQuality "1"]
[WhiteTeam "Laguna Cotelec"]
[BlackTeam "Ebano Barrio Nuevo"]
[WhiteTeamCountry "ESP"]
[BlackTeamCountry "ESP"]

1. g3 d5 2. Bg2 e5 3. d3 c5 4. Nd2 Nc6 5. e4 d4 6. a4 Bd6 7. Nc4 Bc7 8. Ne2 Nf6 9. 0-0 0-0 10. f4 h6 11. f5 Rb8 12. h3 a6 13. g4 b5 14. axb5 axb5 15. Nd2 Bd6 16. Nf3 Be7 1/2-1/2

[Event "Tenerife-chT Preferente 1819"]
[Site "Tenerife"]
[Date "2019.01.19"]
[Round "5.4"]
[White "Rodriguez Falcon, Jesus Manuel"]
[Black "Kramer, Kurt Melik"]
[Result "1/2-1/2"]
[WhiteElo "1944"]
[BlackElo "2022"]
[PlyCount "32"]
[EventDate "2018.11.24"]
[EventType "team-tourn"]
[EventRounds "14"]
[EventCountry "ESP"]
[SourceTitle "CBM 189 Extra"]
[Source "ChessBase"]
[SourceDate "2019.06.03"]
[SourceVersion "1"]
[SourceVersionDate "2019.06.03"]
[SourceQuality "1"]
[WhiteTeam "El Sauzal Libreria Barco"]
[BlackTeam "Ebano Barrio Nuevo"]
[WhiteTeamCountry "ESP"]
[BlackTeamCountry "ESP"]

1. e4 d5 2. exd5 Qxd5 3. Nc3 Qd6 4. d4 Nf6 5. Nf3 c6 6. h3 Bf5 7. Nh4 Bg6 8. Nxg6 hxg6 9. g3 e6 10. Bg2 Qc7 11. 0-0 Nbd7 12. Re1 Bd6 13. a3 0-0 14. Be3 a6 15. Qe2 Nd5 16. Ne4 Nxe3 1/2-1/2

[Event "Canarias-chT"]
[Site "Vecindario"]
[Date "2018.06.02"]
[Round "4.3"]
[White "Hernandez Luis, Victor Manuel"]
[Black "Kramer, Kurt Melik"]
[Result "0-1"]
[WhiteElo "1415"]
[BlackElo "2029"]
[PlyCount "66"]
[EventDate "2018.05.31"]
[EventType "team-swiss"]
[EventRounds "6"]
[EventCountry "ESP"]
[SourceTitle "EXT 2019"]
[Source "ChessBase"]
[SourceDate "2018.10.10"]
[SourceVersion "1"]
[SourceVersionDate "2018.10.10"]
[SourceQuality "1"]
[WhiteTeam "Roque Niquiomo"]
[BlackTeam "Ebano Casa Venezuela"]
[WhiteTeamCountry "ESP"]
[BlackTeamCountry "ESP"]

1. d4 Nf6 2. c4 c5 3. e3 cxd4 4. exd4 d5 5. Nc3 Nc6 6. Nf3 e6 7. Bf4 Be7 8. a3 dxc4 9. Bxc4 0-0 10. 0-0 a6 11. Rc1 b5 12. Ba2 b4 13. Ne2 Bb7 14. Qd3 Qa5 15. Bd2 Rfd8 16. Qb3 Qb5 17. Qe3 Nd5 18. Bxd5 Qxd5 19. axb4 Nxb4 20. Nf4 Qd7 21. Bxb4 Bxb4 22. Rc4 a5 23. Rfc1 Qd6 24. Rc7 Bxf3 25. Qxf3 Bd2 26. Nh5 Rf8 27. R1c5 Rad8 28. Qg4 Qxd4 29. Qxd4 Rxd4 30. h3 g6 31. Nf6+ Kg7 32. Ng4 Bf4 33. Rb7 Rd1# 0-1

[Event "Canarias-chT"]
[Site "Vecindario"]
[Date "2018.05.31"]
[Round "1.3"]
[White "Hernandez Capote, Carmen"]
[Black "Kramer, Kurt Melik"]
[Result "0-1"]
[WhiteElo "1602"]
[BlackElo "2029"]
[PlyCount "64"]
[EventDate "2018.05.31"]
[EventType "team-swiss"]
[EventRounds "6"]
[EventCountry "ESP"]
[SourceTitle "EXT 2019"]
[Source "ChessBase"]
[SourceDate "2018.10.10"]
[SourceVersion "1"]
[SourceVersionDate "2018.10.10"]
[SourceQuality "1"]
[WhiteTeam "Isla Bonita"]
[BlackTeam "Ebano Casa Venezuela"]
[WhiteTeamCountry "ESP"]
[BlackTeamCountry "ESP"]

1. d4 d5 2. Nf3 Nf6 3. c4 e6 4. g3 dxc4 5. Qc2 a6 6. Bg2 c5 7. Qxc4 b5 8. Qc2 c4 9. 0-0 Bb7 10. a4 Be7 11. b3 cxb3 12. Qxb3 b4 13. Nbd2 0-0 14. Bb2 Nbd7 15. Rfe1 Ne4 16. Nxe4 Bxe4 17. Nd2 Bxg2 18. Kxg2 a5 19. e4 Nb6 20. e5 Rc8 21. Ne4 Qd7 22. f3 Rc7 23. Re2 Rfc8 24. h4 Qd5 25. Qd3 Qc4 26. Qe3 Nd5 27. Qf2 Qb3 28. Bc1 Rxc1 29. Nd2 Qd1 30. Rxc1 Rxc1 31. Nf1 Ne3+ 32. Rxe3 Rc2 0-1

[Event "Tenerife-chT Preferente 1718"]
[Site "Tenerife"]
[Date "2018.02.24"]
[Round "10.4"]
[White "Kramer, Kurt Melik"]
[Black "Kraus, Oliver"]
[Result "1-0"]
[WhiteElo "1972"]
[BlackElo "2053"]
[PlyCount "57"]
[EventDate "2017.11.11"]
[EventType "team-tourn"]
[EventRounds "14"]
[EventCountry "ESP"]
[SourceTitle "EXT 2019"]
[Source "ChessBase"]
[SourceDate "2018.10.10"]
[SourceVersion "1"]
[SourceVersionDate "2018.10.10"]
[SourceQuality "1"]
[WhiteTeam "Ebano Casa Venezuela"]
[BlackTeam "Rey Ahogado"]
[WhiteTeamCountry "ESP"]
[BlackTeamCountry "ESP"]

1. d4 Nf6 2. Nf3 e6 3. c4 d5 4. cxd5 exd5 5. Bg5 Be7 6. Qc2 c6 7. e3 Nbd7 8. Nc3 Nh5 9. Bxe7 Qxe7 10. h3 Nhf6 11. Bd3 Nb6 12. Ne5 Be6 13. 0-0 0-0-0 14. Na4 Qd6 15. Nxb6+ axb6 16. a4 Nd7 17. Nf3 f6 18. b4 g5 19. b5 g4 20. hxg4 h5 21. g5 h4 22. bxc6 bxc6 23. a5 h3 24. axb6 hxg2 25. Ra8+ Nb8 26. Ba6+ Kd7 27. Ra7+ Ke8 28. Qg6+ Kf8 29. Qxf6+ 1-0

[Event "Tenerife-chT Preferente 1718"]
[Site "Tenerife"]
[Date "2017.12.09"]
[Round "4.4"]
[White "Guerra Arrocha, Daniel"]
[Black "Kramer, Kurt Melik"]
[Result "0-1"]
[WhiteElo "2071"]
[BlackElo "1972"]
[PlyCount "86"]
[EventDate "2017.11.11"]
[EventType "team-tourn"]
[EventRounds "14"]
[EventCountry "ESP"]
[SourceTitle "EXT 2019"]
[Source "ChessBase"]
[SourceDate "2018.10.10"]
[SourceVersion "1"]
[SourceVersionDate "2018.10.10"]
[SourceQuality "1"]
[WhiteTeam "El Sauzal Gofio Plus"]
[BlackTeam "Ebano Casa Venezuela"]
[WhiteTeamCountry "ESP"]
[BlackTeamCountry "ESP"]

1. e4 d5 2. exd5 Qxd5 3. Nf3 Bg4 4. Be2 Nc6 5. 0-0 0-0-0 6. h3 Bxf3 7. Bxf3 Qd7 8. Na3 e5 9. Nc4 Bd6 10. c3 f5 11. Re1 Nge7 12. d3 Ng6 13. a4 Nh4 14. a5 Nxf3+ 15. Qxf3 a6 16. b4 Na7 17. Nxe5 Bxe5 18. Rxe5 Qxd3 19. Qxf5+ Qxf5 20. Rxf5 Rd1+ 21. Kh2 Re8 22. b5 Nxb5 23. Bb2 Rxa1 24. Bxa1 Nd6 25. Rh5 h6 26. c4 Re7 27. c5 Ne8 28. Rd5 Re2 29. Kg3 Ra2 30. Bc3 Nf6 31. Bxf6 gxf6 32. c6 b5 33. Rf5 Rxa5 34. Rxf6 Kb8 35. Rxh6 b4 36. Re6 b3 37. Re1 b2 38. Rb1 Rb5 39. Kf4 a5 40. Ke4 a4 41. Kd3 a3 42. Kc2 Rb6 43. Re1 a2 0-1